00674nam a2200217 a 450000100060000000300080000600500170001400800410003103500190007204000450009104100080013608200290014410000480017324500530022126000420027430000320031649000310034850000190037965000270039883000310042568264BD-RjUL20211209081740.0170401s1952 nyua 001 0 eng d a(BD-RjUL)68474 aDLCcNhDdOCoLCdUkdDLCd(BD-RjUL)beng aeng 223a621.384135bSCA 19521 aSchelkunoff, Sergei A.q(Sergei Alexander),10aAdvanced antenna theory /cSergei A. Schelkunoff aNew York :bJohn Wiley & Sons,c1952. axii, 216p. :bill. ;c24cm.0 aApplied mathematics series aIncludes index 0aAntennas (Electronics) aApplied mathematics series